=LDR 00000nam 2200000 4500 =001 INLIS000000000025593 =005 20130612124106 =008 ***********************************ind** =035 ##$$0010-061300000025593 =041 ##$$a ind =082 ##$$a 633.18 =090 ##$$a 633.18, PRA b =100 ##$$a Prasetyo, YT =245 ##$$a Bertanam padi gogo tanpa olah tanah, YT.Prasetyo =260 ##$$a 2003 $b Jakarta =300 ##$$a vii, 72 hlm., ilus., 21 cm =650 ##$$a Padi =650 ##$$a Penanaman =850 ##$$a NBPNMAT